Double Letter Names Quiz Stats

 Plays Quiz Updated Nov 28, 2018

Support Sporcle.
Go Orange.
Score 0/53 Timer 12:00
1 Play Today
Category Name % Correct
US StatesMississippi
85.9%
US StatesTennessee
73.8%
US StatesHawaii
68.9%
US StatesIllinois
68.2%
US StatesMassachusetts
67.5%
US StatesMinnesota
66.7%
US StatesMissouri
66.4%
US StatesConnecticut
65.9%
US StatesPennsylvania
62.8%
US President Last NamesFranklin Roosevelt
60.1%
US President Last NamesTheodore Roosevelt
60.1%
US President Last NamesJohn F. Kennedy
54.5%
Countries of the WorldRussia
53.2%
US President Last NamesThomas Jefferson
51.9%
US President Last NamesHerbert Hoover
48.1%
MLB Team NamesNew York Yankees
42%
US President Last NamesCalvin Coolidge
39.8%
Countries of the WorldGreece
38.8%
NFL Team NamesPittsburgh Steelers
37.7%
NBA Team NamesChicago Bulls
37%
US President Last NamesWilliam Henry Harrison
36.9%
US President Last NamesBenjamin Harrison
36.9%
NBA Team NamesUtah Jazz
35.8%
NFL Team NamesBuffalo Bills
33.9%
NFL Team NamesTampa Bay Buccaneers
33.6%
Countries of the WorldMorocco
31.2%
MLB Team NamesPhiladelphia Phillies
29.8%
Category Name % Correct
NBA Team NamesLos Angeles Clippers
29%
Countries of the WorldAndorra
28.5%
Countries of the WorldPhilippines
26.9%
US President Last NamesMillard Fillmore
26.2%
NBA Team NamesDenver Nuggets
23.7%
European Capital CitiesBrussels, Belgium
23.5%
NBA Team NamesMemphis Grizzlies
23.2%
European Capital CitiesVienna, Austria
22.3%
Countries of the WorldCameroon
22.2%
NBA Team NamesGolden State Warriors
20.8%
NFL Team NamesWashington Football Team
17.7%
Countries of the WorldSeychelles
15.8%
European Capital CitiesTallinn, Estonia
14.6%
NHL Team NamesCarolina Hurricanes
14.3%
Countries of the WorldSaint Kitts and Nevis
14.3%
Countries of the WorldMarshall Islands
12.4%
Olympic Host CitiesLillehammer, Norway
12.1%
Countries of the WorldSierra Leone
11.8%
European Capital CitiesAndorra la Vella, Andorra
11.6%
Countries of the WorldGuinea-Bissau
11.3%
European Capital CitiesValletta, Malta
9.8%
Olympic Host CitiesInnsbruck, Austria
7.6%
Olympic Host CitiesAlbertville, France
5.9%
Olympic Host CitiesSapporo, Japan
5.3%
Olympic Host CitiesSquaw Valley, California, USA
3%
Olympic Host CitiesCortina d'Ampezzo, Italy
1.9%

From the Vault

Superhero/Villain by Actor

by cheesyjon

'Look! Up in the sky, it's a bird, it's a plane, it's Brandon Routh'
Remove Ads.
Support Sporcle.
Get the best of Sporcle when you Go Orange. This ad-free experience offers more features, more stats, and more fun while also helping to support Sporcle. Thank you for becoming a member.

Show Comments

Extras

Top Quizzes Today


Score Distribution

Your Account Isn't Verified!

In order to create a playlist on Sporcle, you need to verify the email address you used during registration. Go to your Sporcle Settings to finish the process.

Report this User

Report this user for behavior that violates our Community Guidelines.

Details: